00378nam a2200133 a 4500020002200000082001400022245003000036260003200066300002700098500004600125650002600171650002500197700002200222 a1853832367 (pbk.)00a658.2 RIS00aRisks and opportunities : aLondon :bEarthscan,c1995. a354 p. :bill., maps ; a"An Earthscan original"--P. [4] of cover. 0aEnvironmental policy. 0aConflict management.1 aBrown, Valerie A.